| 000 | 00660nam a2200229Ia 4500 | ||
|---|---|---|---|
| 005 | 20240415154510.0 | ||
| 008 | 131103s9999 xx 000 0 und d | ||
| 020 |
_a876924445 _cRs.65 |
||
| 040 | _aLoreto College | ||
| 041 | _aEnglish | ||
| 082 |
_a370.15 _bBOW |
||
| 100 | _aBower, Gordon H. | ||
| 245 |
_aTheories of Learning _cGordon H.Bower and Ernest R.Hilgard |
||
| 250 | _a5th ed. | ||
| 260 |
_aNew Delhi _bPrentice - Hall Of India _c1977 (1986 printing) |
||
| 300 |
_avii, 647 p. _b ill. |
||
| 504 | _aIncludes bibliographical references and index | ||
| 650 | _aPsychology | ||
| 700 | _aHilgard,Ernest R. | ||
| 850 | _aLCBED | ||
| 942 | _cBK | ||
| 999 |
_c26738 _d77217 |
||